| 000 | 01522cam a2200301ui 4500 | ||
|---|---|---|---|
| 001 | Rebiun17784851 | ||
| 003 | AR-RoIUNI | ||
| 005 | 20190606162457.0 | ||
| 008 | 160209s2010 sp 000 0 spa d | ||
| 017 | _aM 25526-2010 | ||
| 020 | _a9788496453517 (pbk) | ||
| 040 |
_aUAM.E _cIUNIR |
||
| 080 | _a316 | ||
| 100 | 1 | _aFederici, Silvia | |
| 245 | 1 | 0 |
_aCaliban y la bruja : _bMujeres, cuerpo y acumulación originaria / _cSilvia Federici. |
| 260 |
_aMadrid : _bTraficantes de sueños, _c2016. |
||
| 300 |
_a368 p. ; _c21 cm. |
||
| 490 | 0 |
_aColección historia ; _v9 |
|
| 505 | 0 | _aIntroducción -- El Mundo entero necesita una sacudida, los movimientos sociales y la crisis política en la Europa medieval -- La acumulación de trabajo y la degradación de las mujeres, construyendo la "diferencia" en la "transición al capitalismo" -- El gran Calibán -- La gran caza de brujas en Europa -- Colonización y cristianización, Calibán y las brujas en el Nuevo Mundo -- Epílogo: Entrevista a Silvia Federici, por una reinvención de las prácticas comunitarias | |
| 650 | 4 |
_aBrujería- _xAspectos políticos- _zEuropa- _xHistoria |
|
| 650 | 4 |
_aMovimientos sociales- _zEuropa- _xHistoria |
|
| 650 | 4 |
_aCapitalismo- _zEuropa- _xHistoria |
|
| 650 | 4 |
_aMovimientos sociales- _zAmérica- _xHistoria |
|
| 650 | 4 |
_aCapitalismo- _xAspectos sociales- _zAmérica- _xHistoria |
|
| 650 | 4 |
_aMujeres- _xSituación social- _zEuropa- _xHistoria |
|
| 650 | 4 |
_aMujeres- _xSituación social- _zAmérica- _xHistoria |
|
| 942 |
_2cdu _cBK |
||
| 999 |
_c3824 _d3824 |
||